000 00960nac a22003017a 4500
001 BR9101571
003 BR-BrBNA
005 20240105121149.0
008 230509b bl.|||m| |||| 00| 0 por d
040 _aBR-BrBNA
_bpor
_cBiblioteca Nacional de Agricultura
072 _aF30
090 _a0120 BR9101571
100 1 _aCarvalho, H.W.L. de
100 1 _aSantos, M.X. dos
100 1 _aGama, E.E.G. e
100 1 _aMagnavaca, R.
110 1 _aCentro Nacional de Pesquisa de Coco, Aracaju, SE (Brasil)
_91760
245 1 _aMilho sertanejo; variedade selecionada para a regiao nordeste
260 3 _aAracaju, SE (Brasil):
_c1991.
300 _a5 p.
490 _aComunicado Tecnico - Centro Nacional de Pesquisa de Coco (Brazil)
_vno. 32
_xISSN 0102-9967
500 _a8 ref.
650 _aMILHO
650 _aCOMPORTAMENTO DE VARIEDADE
650 _aREGIAO NORDESTE
909 _a202312
_bLúcia Elande
_c55
_dLúcia Elande
942 _2AGRIS
_n0
_cMS
999 _c283683
_d283683